000 00570nam a22001457a 4500
999 _c531217
_d531217
008 250801b ||||| |||| 00| 0 eng d
100 _aSah, Drishti
_955929
245 _a India @75: A changing electoral democracy
260 _aIndian Journal of Public Administration
300 _a71(2), Jun, 2025: p.428-431
520 _aSunil K. Choudhary, (Aakar Books, 2024), 340 pp., ₹995.-Reprodued https://journals.sagepub.com/doi/full/10.1177/00195561251335864
773 _aIndian Journal of Public Administration
906 _aBOOK REVIEW
942 _cAR